Industrial injuries to women and men, 1932 to 1934, (Record no. 36280)
[ view plain ]
| 000 -LEADER | |
|---|---|
| fixed length control field | 01066cam a22002531i 4500 |
| 001 - CONTROL NUMBER | |
| control field | l 39000006 |
| 003 - CONTROL NUMBER IDENTIFIER | |
| control field | DLC |
| 005 - DATE AND TIME OF LATEST TRANSACTION | |
| control field | 20260227111536.0 |
| 008 - FIXED-LENGTH DATA ELEMENTS--GENERAL INFORMATION | |
| fixed length control field | 761214s1938 dcuab f000 0 eng c |
| 010 ## - LIBRARY OF CONGRESS CONTROL NUMBER | |
| LC control number | l 39000006 |
| 035 ## - SYSTEM CONTROL NUMBER | |
| System control number | (OCoLC)2620463 |
| 040 ## - CATALOGING SOURCE | |
| Original cataloging agency | U.S. Dept. of Labor. Libr. |
| Transcribing agency | Mi |
| Modifying agency | Mi |
| -- | DLC |
| 042 ## - AUTHENTICATION CODE | |
| Authentication code | premarc |
| 050 00 - LIBRARY OF CONGRESS CALL NUMBER | |
| Classification number | HD6093 |
| Item number | .A35 no. 160 |
| 100 1# - MAIN ENTRY--PERSONAL NAME | |
| Personal name | Mettert, Mrs. Margaret Jane Thompson, |
| Dates associated with a name | 1907- |
| 245 10 - TITLE STATEMENT | |
| Title | Industrial injuries to women and men, 1932 to 1934, |
| Statement of responsibility, etc. | by Margaret T. Mettert. |
| 260 ## - PUBLICATION, DISTRIBUTION, ETC. | |
| Place of publication, distribution, etc. | Washington, |
| Name of publisher, distributor, etc. | U.S. Govt. Print. Off., |
| Date of publication, distribution, etc. | 1938. |
| 300 ## - PHYSICAL DESCRIPTION | |
| Extent | v, 37 p. |
| Other physical details | incl. tables, diagrs. map. |
| Dimensions | 23 cm. |
| 490 0# - SERIES STATEMENT | |
| Series statement | Bulletin of the [U.S.] Women's bureau ; |
| Volume/sequential designation | no. 160 |
| 500 ## - GENERAL NOTE | |
| General note | At head of title: United States Department of labor. Frances Perkins, secretary. Women's bureau. Mary Anderson, director. |
| 500 ## - GENERAL NOTE | |
| General note | "The fourth report issued by the Women's bureau in its series dealing with industrial injuries to women."--Letter of transmittal. |
| 650 #0 - SUBJECT ADDED ENTRY--TOPICAL TERM | |
| Topical term or geographic name entry element | Industrial accidents |
| 650 #0 - SUBJECT ADDED ENTRY--TOPICAL TERM | |
| Topical term or geographic name entry element | Women |
| General subdivision | Employment |
| Geographic subdivision | United States. |
No items available.